20 Biggest Muslim cities on map - Statistics

General Stats
  • This quiz has been taken 1,014 times
    386 since last reset
  • The average score is 18 of 20
Answers on the Map
Answers color-coded by a green-red scale on the quiz's map according to % correct below.
 
Answer Stats
Population City % Correct
15.8 mil Istanbul
100%
20.5 mil Cairo
99%
15.0 mil Tehran
98%
5.70 mil Alexandria
96%
6.85 mil Baghdad
96%
4.90 mil Dubai
96%
30.6 mil Jakarta
96%
4.98 mil Ankara
95%
7.75 mil Riyadh
95%
19.5 mil Dhaka
93%
4.68 mil Kuwait City
93%
17.3 mil Karachi
91%
5.45 mil Amman
90%
6.15 mil Khartoum
90%
12.6 mil Lahore
86%
4.78 mil Jeddah
85%
4.55 mil Kano
70%
4.83 mil Chittagong
68%
6.00 mil Surabaya
64%
6.85 mil Bandung
59%
No matching quizzes found
Score Distribution
Percent of People with Each Score
Percentile by Number Answered
Your Score History
You have not taken this quiz since the last reset